000 01082nam a2200229 i 4500
003 DO-SdBNP
005 20230616091044.0
007 ta
008 220117e2021 dr acd|grt||| 001 0 spa d
040 _aDO-SdBNP
_bspa
_cBNPHU
_erda
082 4 _bC7q
_222
111 2 _957630
_aAsamblean general de delegados
_n(51 :
_d25 y 26 de noviembre, 2022:
_cJuan Dolio, San Pedro de Macorís: República Dominicana)
245 1 0 _a51 asamblea general ordinaria de delegados :
_binforme correspondiente al año fiscal 2021 /
_cCOOPNAMA
246 _aQuincuagésimo primero asamblea general ordinaria de delegados :
_binforme correspondiente al año 2014
264 _aSanto Domingo :
_bCooperativa Nacional de Servicios Múltiples de los Maestros,
_c2021
300 _a128 paginas . :
_bilustrados. ;
_c29 cm.
590 _aInventariado, 2023 / DG
611 _aAsamblea general ordinaria
_c(San Pedro de Macorís: República Dominicana
_d2021)
_980948
710 _aCooperativa Nacional de Servicios Múltiples de los Maestros (República Dominicana)
_974554
910 _aDG
942 _2ddc
_cLBS1
999 _c53845
_d53845